书目信息 |
| 题名: |
HR必知的工伤应急解决方案大全集
|
|
| 作者: | 沙燕飞 著 | |
| 分册: | ||
| 出版信息: | 北京 中国铁道出版社 2016 |
|
| 页数: | 292页 | |
| 开本: | 24cm | |
| 丛书名: | ||
| 单 册: | ||
| 中图分类: | X928.02 | |
| 科图分类: | ||
| 主题词: | 工伤事故--事故处理--中国 | |
| 电子资源: | ||
| ISBN: | 978-7-113-21277-3 | |
| 000 | 00835nam0 2200217 450 | |
| 001 | 3367 | |
| 005 | 20160926093330.76 | |
| 010 | @a978-7-113-21277-3@b平装@dCNY49.00 | |
| 100 | @a20160323d2016 em y0chiy50 ea | |
| 101 | 0 | @achi |
| 102 | @aCN@b110000 | |
| 105 | @ay z 000yy | |
| 200 | 1 | @aHR必知的工伤应急解决方案大全集@9HR bi zhi de gong shang ying ji jie jue fang an da quan ji@f沙燕飞著 |
| 210 | @a北京@c中国铁道出版社@d2016 | |
| 215 | @a292页@d24cm | |
| 330 | @a本书从HR视角出发,全面系统讲述整个工伤业务处理流程。全书将工伤业务的问题分为基本政策、送医救治、休养疗伤、申报认定、伤残鉴定、理赔谈判、风险管理、通勤事故、认定思路和职业病共十部分内容。 | |
| 606 | 0 | @a工伤事故@x事故处理@y中国 |
| 690 | @aX928.02@v5 | |
| 701 | 0 | @a沙燕飞@9sha yan fei@4著 |
| 801 | 0 | @aCN@b唐山师范学院图书馆@c20151001 |
| 905 | @aZUCC@dX928.02@e26 | |
| HR必知的工伤应急解决方案大全集/沙燕飞著.-北京:中国铁道出版社,2016 |
| 292页;24cm |
| ISBN 978-7-113-21277-3(平装):CNY49.00 |
| 本书从HR视角出发,全面系统讲述整个工伤业务处理流程。全书将工伤业务的问题分为基本政策、送医救治、休养疗伤、申报认定、伤残鉴定、理赔谈判、风险管理、通勤事故、认定思路和职业病共十部分内容。 |
| ● |
| 相关链接 |
|
|
|
|
正题名:HR必知的工伤应急解决方案大全集
索取号:X928.02/26
 
预约/预借
| 序号 | 登录号 | 条形码 | 馆藏地/架位号 | 状态 | 备注 |
| 1 | 904828 | 209048289 | 第二样本阅览室/ [索取号:X928.02/26] | 在馆 | |
| 2 | 904829 | 209048298 | 第三借阅区/ [索取号:X928.02/26] | 在馆 | |
| 3 | 904830 | 209048305 | 第三借阅区/ [索取号:X928.02/26] | 在馆 | |
| 4 | 904831 | 209048314 | 第三借阅区/ [索取号:X928.02/26] | 在馆 | |
| 5 | 904832 | 209048323 | 第三借阅区/ [索取号:X928.02/26] | 在馆 |